| 000 | 01054nam0a2200313 i 4500 | ||
|---|---|---|---|
| 001 | RU\NLR\BIBL_A\010346407 | ||
| 005 | 20241103071830.0 | ||
| 010 |
_a9785869835253 _960 |
||
| 035 | _a(NLR Aleph) 010346407 | ||
| 090 |
_a10725957 _c10725957 |
||
| 100 | _a20140423d2013 um y0rusy50 ca | ||
| 101 | 0 | _arus | |
| 102 | _aRU | ||
| 105 | _aa|||z||||00yy | ||
| 200 | 1 |
_aО дамской верховой езде _fИрина Фадеева |
|
| 210 |
_aСанкт-Петербург _cЛюбавич _d2013 |
||
| 215 |
_a118, [1] с. _cил., цв. ил. _d28 |
||
| 316 |
_aС автогр. авт. _5NLR |
||
| 316 |
_aЭкз. 26 _5NLR |
||
| 320 | _aБиблиогр.: с. 117-118 | ||
| 606 |
_aКостюм женский для верховой езды _92182645 _3RU\NLR\AUTH\6601548910 |
||
| 606 |
_aВерховая езда _91254227 _3RU\NLR\AUTH\66196697 |
||
| 686 | 1 | _aЩ126.63(0) | |
| 686 | 1 | _aЧ517.22 | |
| 700 | 1 |
_aФадеева _bИ.В. _gИрина В. |
|
| 942 | _cBOOK | ||
| 980 | _aNBR | ||